Song Titles: Fill In The Missing Word - Items of Clothing - Statistics

General Stats
  • This quiz has been taken 55 times
  • The average score is 8 of 20
Answer Stats
Artist Song Title % Correct
Carl Perkins Blue Suede {Shoes}
100%
Nancy Sinatra These {Boots} Are Made for Walkin'
92%
Brian Hyland Itsy Bitsy Teenie Weenie Yellow Polkadot {Bikini}
90%
Hollies Long Cool Woman (In A Black {Dress})
77%
Marvin Gaye/Paul Young Wherever I Lay My {Hat} (That's My Home)
75%
Marty Robbins A White Sport {Coat} (And A Pink Carnation)
65%
Fred Astaire Top Hat, White {Tie} and Tails
48%
Andy Stewart Donald Where's Your {Troosers}
44%
Sisqo {Thong} Song
40%
Royal Teens Short {Shorts}
31%
Haircut 100 Favourite {Shirt}s (Boy Meets Girl)
21%
David Dundas {Jeans} On
19%
Leonard Cohen Famous Blue {Raincoat}
13%
Sultans Of Ping FC Where's Me {Jumper}
13%
Paul Weller Peacock {Suit}
10%
Smiths Vicar In A {Tutu}
10%
Equals Michael And The {Slipper} Tree
8%
Billy Connolly The {Welly} Boot Song
8%
The Barefoot Man Big {Panty} Woman
6%
Eddie Cochran Pink-Peg {Slacks}
4%
No matching quizzes found
Score Distribution
Percent of People with Each Score
Percentile by Number Answered
Your Score History
You have not taken this quiz